000
00319nam a2200145Ia 4500
100
_a
Ribar/ L.J.
942
_c
BK
654
_a
Windows
245
_a
Fortran Programming for Windows
260
_b
Osborne Mc graw Hill
_a
California
_c
1993
082
_a
001.6424 F
300
_a
238
546
_a
ENGLISH
999
_c
34387
_d
34387